| 000 | 01066nam a2200253 i 4500 | ||
|---|---|---|---|
| 001 | bg | ||
| 245 | 0 | 0 |
_aProblemy naukowo-badawcze konstrukcji z betonu : _bokolicznościowa sesja naukowa Wydziału Inżynierii Lądowej. |
| 260 |
_aKraków : _bPK, _c1999. |
||
| 300 |
_a232 s. : _bfot., 1 portr., rys., wykr. ; _c24 cm. |
||
| 490 | 1 | _aMonografia / Politechnika Krakowska im. Tadeusza Kościuszki. Inżynieria Lądowa | |
| 500 | _aISSN i nr serii gł.: 0860-097X ; 247. - Wydaw. okolicznościowe z okazji 70-lecia urodzin prof. Władysława Ziobronia. - Streszcz. ang. | ||
| 504 | _aBibliogr. przy ref. | ||
| 600 | 1 | 9 | _aZiobroń, Władysław (1928- ) |
| 650 | 9 |
_aBeton _xmechanika |
|
| 650 | 9 |
_aKonstrukcje betonowe _xmechanika |
|
| 655 | _aMateriały konferencyjne | ||
| 655 | _aksięga pamiątkowa | ||
| 830 | 0 | _aMonografia (Politechnika Krakowska im. Tadeusza Kościuszki. Inżynieria Lądowa) | |
| 040 | _cBPK | ||
| 041 | 0 |
_apl _ben |
|
| 080 | _a624.012.4:691:539.3/.6:620.17](082.1)(061) | ||
| 942 | _cKS | ||
| 008 | s pl f |000 0 pol | ||
| 999 |
_c38324 _d38324 |
||
| 856 |
_uhttp://koha.tu.koszalin.pl/cgi-bin/koha/opac-detail.pl?biblionumber=38324 _yKatalog online BPK |
||